Memeliler - Armageddon - Statistics

General Stats
  • This quiz has been taken 198 times
  • The average score is 15 of 33
Answers on the Grid
Answers color-coded by a green-red scale on the quiz's grid according to % correct below.
Deve
Kurt
Akrep
Gergedan
Karga
Geyik
Fil
Denizyıldızı
Köpekbalığı
Domuz
Yunus
Köstebek
Ayı
Penguen
Zürafa
Kaplumbağa
Koala
Zebra
Albatros
Porsuk
Kurbağa
Kirpi
At
Kartal
İnek
Kanguru
Devekuşu
Koyun
Levrek
Yengeç
Şahin
Yarasa
Turna
Vaşak
Kertenkele
Denizanası
Kırlangıç
Kaplan
Timsah
Somon
Ördek
Ceylan
Tilki
Kaz
Pelikan
Yılan
Keklik
Tuna
Sincap
Köpek
Midye
Bıldırcın
Karides
Fok
Tavşan
Lama
Kedi
Güvercin
Çakal
Eşek
Baykuş
Aslan
Martı
Rakun
 
Answer Stats
Answer % Correct
Deve
88%
Kurt
81%
Gergedan
70%
Geyik
70%
Fil
65%
Domuz
57%
Ayı
53%
Yunus
49%
İnek
48%
At
44%
Kaplan
44%
Aslan
43%
Kanguru
42%
Köpek
42%
Zebra
42%
Zürafa
42%
Eşek
41%
Koala
41%
Ceylan
40%
Koyun
40%
Vaşak
40%
Kedi
38%
Tilki
38%
Çakal
37%
Lama
36%
Tavşan
34%
Köstebek
33%
Sincap
33%
Rakun
32%
Yarasa
32%
Fok
31%
Kirpi
31%
Porsuk
31%
No matching quizzes found
Score Distribution
Percent of People with Each Score
Percentile by Number Answered
Your Score History
You have not taken this quiz